History of Mankind Cultural and Scientific Development, Vol.-2, The ancient world, 1200 BC to AD 500, Part-3- From the Beginning of the Christian Era to about AD 500 / (Record no. 23395)
[ view plain ]
| 000 -LEADER | |
|---|---|
| fixed length control field | 01030cam a22002531 4500 |
| 001 - CONTROL NUMBER | |
| control field | 2640658 |
| 003 - CONTROL NUMBER IDENTIFIER | |
| control field | BDDh-ASL |
| 005 - DATE AND TIME OF LATEST TRANSACTION | |
| control field | 20231015030232.0 |
| 008 - FIXED-LENGTH DATA ELEMENTS--GENERAL INFORMATION | |
| fixed length control field | 730724s1965 nyuab b 000 0 eng |
| 010 ## - LIBRARY OF CONGRESS CONTROL NUMBER | |
| LC control number | 64012677 |
| 040 ## - CATALOGING SOURCE | |
| Original cataloging agency | DLC |
| Transcribing agency | DLC |
| Modifying agency | DLC |
| -- | BDDh-ASL |
| 041 1# - LANGUAGE CODE | |
| Language code of text/sound track or separate title | engita |
| 050 00 - LIBRARY OF CONGRESS CALL NUMBER | |
| Classification number | D20 |
| Item number | .I66 vol. 2 |
| 082 ## - DEWEY DECIMAL CLASSIFICATION NUMBER | |
| Classification number | 909 |
| Item number | PAH |
| 100 1# - MAIN ENTRY--PERSONAL NAME | |
| Personal name | Pareti, Luigi, |
| Dates associated with a name | 1885-1962. |
| 245 14 - TITLE STATEMENT | |
| Title | History of Mankind Cultural and Scientific Development, Vol.-2, The ancient world, 1200 BC to AD 500, Part-3- From the Beginning of the Christian Era to about AD 500 / |
| Statement of responsibility, etc. | by Luigi Pareti, assisted by Paolo Brezzi and Luciano Petech. Translated from the Italian by Guy E. F. Chilver and Sylvia Chilver. |
| 260 ## - PUBLICATION, DISTRIBUTION, ETC. | |
| Place of publication, distribution, etc. | New York : |
| Name of publisher, distributor, etc. | Harper & Row, |
| Date of publication, distribution, etc. | 1965. |
| 300 ## - PHYSICAL DESCRIPTION | |
| Extent | 665-1048 p. : |
| Other physical details | illus., maps. |
| Dimensions | 24 cm. |
| 490 0# - SERIES STATEMENT | |
| Series statement | History of mankind; cultural and scientific development, |
| Volume/sequential designation | v. 2 |
| 504 ## - BIBLIOGRAPHY, ETC. NOTE | |
| Bibliography, etc. note | Includes bibliographies. |
| 650 #0 - SUBJECT ADDED ENTRY--TOPICAL TERM | |
| Topical term or geographic name entry element | History, Ancient. |
| 906 ## - LOCAL DATA ELEMENT F, LDF (RLIN) | |
| a | 7 |
| b | cbc |
| c | orignew |
| d | u |
| e | ocip |
| f | 19 |
| g | y-gencatlg |
| 942 ## - ADDED ENTRY ELEMENTS (KOHA) | |
| Source of classification or shelving scheme | Dewey Decimal Classification |
| Koha item type | Books |
| Withdrawn status | Lost status | Source of classification or shelving scheme | Damaged status | Not for loan | Collection code | Home library | Current library | Shelving location | Date acquired | Source of acquisition | Serial Enumeration / chronology | Total Checkouts | Full call number | Barcode | Date last seen | Copy number | Price effective from | Koha item type | Public note |
|---|---|---|---|---|---|---|---|---|---|---|---|---|---|---|---|---|---|---|---|
| Dewey Decimal Classification | Non-fiction | Asiatic Society Library | Asiatic Society Library | General Stacks | 03/25/2021 | ASB Library Collections | V-2,P-3 | 909 PAH | 107816 | 03/25/2021 | C-1 | 03/25/2021 | Books | RARE |